Исследование кинетики гранулообразования в стекольной шихте: автореферат диссертации на соискание ученой степени кандидата технических наук

Bibliografiske detaljer
Hovedforfatter: Демидович Б. К.
Institution som forfatter: Белорусский политехнический институт
Andre forfattere: Матвеев М. А. (научный руководитель)
Sprog:russisk
Udgivet: Минск, Белорусский политехнический институт, 1967
Fag:
Format: MixedMaterials Bog
KOHA link:https://koha.lib.tpu.ru/cgi-bin/koha/opac-detail.pl?biblionumber=110003

MARC

LEADER 00000nam0a2200000 4500
001 110003
005 20231101214916.0
035 |a (RuTPU)RU\TPU\book\118802 
090 |a 110003 
100 |a 20070216d1967 k y0rusy50 ca 
101 0 |a rus 
102 |a BY 
105 |a a dm 001zy 
200 1 |a Исследование кинетики гранулообразования в стекольной шихте  |e автореферат диссертации на соискание ученой степени кандидата технических наук  |f Б. К. Демидович  |g Белорусский политехнический институт ; науч. рук. М. А. Матвеев 
210 |a Минск  |c Белорусский политехнический институт  |d 1967 
215 |a 30 с.  |c ил. 
320 |a Библиогр.: с. 30 (6 назв.). 
610 1 |a стекловарение 
610 1 |a стекольные шихты 
610 1 |a сырьевые материалы 
610 1 |a смеси 
610 1 |a грануляция 
610 1 |a кинетика 
610 1 |a пластичность 
610 1 |a расчет 
610 1 |a гранулы 
610 1 |a физические свойства 
610 1 |a грануляторы 
610 1 |a термическая обработка 
610 1 |a стекло 
610 1 |a варка 
610 1 |a заводские условия 
610 1 |a авторефераты диссертаций 
675 |a 666.1(04)  |v 3 
700 1 |a Демидович  |b Б. К. 
702 1 |a Матвеев  |b М. А.  |4 727 
712 0 2 |a Белорусский политехнический институт  |2 stltpush  |3 (RuTPU)RU\TPU\col\9062  |9 24646 
801 1 |a RU  |b 63413507  |c 20070216  |g PSBO 
801 2 |a RU  |b 63413507  |c 20100512  |g PSBO 
942 |c BK